| 000 -LEADER |
| fixed length control field |
00617nam a22002057a 4500 |
| 003 - CONTROL NUMBER IDENTIFIER |
| control field |
OSt |
| 005 - DATE AND TIME OF LATEST TRANSACTION |
| control field |
20231110152356.0 |
| 008 - FIXED-LENGTH DATA ELEMENTS--GENERAL INFORMATION |
| fixed length control field |
231110b ||||| |||| 00| 0 eng d |
| 020 ## - INTERNATIONAL STANDARD BOOK NUMBER |
| International Standard Book Number |
9789670337074 |
| 040 ## - CATALOGING SOURCE |
| Transcribing agency |
KH8 |
| 082 ## - DEWEY DECIMAL CLASSIFICATION NUMBER |
| Classification number |
400 FAR |
| 100 ## - MAIN ENTRY--PERSONAL NAME |
| Personal name |
Farah Nurain Rahmad, |
| Relator term |
author. |
| 245 ## - TITLE STATEMENT |
| Title |
Pondok Telefon di Tepi Rumah / |
| Statement of responsibility, etc. |
Farah Nurain Rahmad. |
| 260 ## - PUBLICATION, DISTRIBUTION, ETC. |
| Place of publication, distribution, etc. |
Kuala Lumpur ; |
| Name of publisher, distributor, etc. |
Penerbitan D E, |
| Date of publication, distribution, etc. |
2012. |
| 300 ## - PHYSICAL DESCRIPTION |
| Extent |
24 pages : |
| Other physical details |
color illustrations ; |
| Dimensions |
19 cm x 26 cm. |
| 440 ## - SERIES STATEMENT/ADDED ENTRY--TITLE |
| Title |
Bertanggungjawab Amalan Mulia |
| 650 ## - SUBJECT ADDED ENTRY--TOPICAL TERM |
| Topical term or geographic name entry element |
Didactic fiction |
| Form subdivision |
Malay |
| 830 ## - SERIES ADDED ENTRY--UNIFORM TITLE |
| Uniform title |
Bertanggungjawab Amalan Mulia |
| 942 ## - ADDED ENTRY ELEMENTS (KOHA) |
| Source of classification or shelving scheme |
|
| Koha item type |
Teaching Resources |